Normal view
MARC view
- NEURAL NETWORKS ARCHITECTURES, ALGORITHMS AND APPLICATIONS
Entry Topical Term
001 - CONTROL NUMBER
- control field: 73726
003 - CONTROL NUMBER IDENTIFIER
- control field: NUST
005 - DATE AND TIME OF LATEST TRANSACTION
- control field: 20210628205054.0
008 - FIXED-LENGTH DATA ELEMENTS
- fixed length control field: 210628|| aca||aabn | a|a d
040 ## - CATALOGING SOURCE
- Original cataloging agency: NUST
- Transcribing agency: NUST
150 ## - HEADING--TOPICAL TERM
- Topical term or geographic name entry element: NEURAL NETWORKS ARCHITECTURES, ALGORITHMS AND APPLICATIONS
670 ## - SOURCE DATA FOUND
- Source citation: Work cat.: (NUST): Fausett, Laurene 73725, Fundamentals of neural networks,architectures, algorithms and applications, 2013
